[Event "GER-chT U16"]
[Site "Magdeburg"]
[Date "2014.12.27"]
[Round "1.4"]
[White "Rothermel, Henrik"]
[Black "Zouani, Samir"]
[Result "0-1"]
[WhiteElo "1082"]
[BlackElo "1597"]
[PlyCount "82"]
[EventDate "2014.12.27"]
[EventType "team-swiss"]
[EventRounds "7"]
[EventCountry "GER"]
[SourceTitle "EXT 2016"]
[Source "ChessBase"]
[SourceDate "2015.10.08"]
[SourceVersion "1"]
[SourceVersionDate "2015.10.08"]
[SourceQuality "1"]
[WhiteTeam "Gernsheim"]
[BlackTeam "Backnang"]
[WhiteTeamCountry "GER"]
[BlackTeamCountry "GER"]

1. e4 e5 2. Nf3 Nc6 3. Bc4 Bc5 4. d3 d6 5. Ng5 Nh6 6. h3 0-0 7. Nf3 Qf6 8. Bg5 Qg6 9. Qd2 Kh8 10. g4 f6 11. Nh4 Qxg5 12. Qxg5 fxg5 13. Nf5 Nxf5 14. gxf5 g6 15. fxg6 hxg6 16. Rh2 Nd4 17. Kd1 Nf3 18. Rg2 Bxh3 19. Rg3 g4 20. Ke2 Nd4+ 21. Kd1 Rxf2 22. Nd2 Raf8 23. Rg1 Rxd2+ 24. Kxd2 Nf3+ 25. Kc3 Nxg1 26. Kb3 Rf1 27. Rxf1 Bxf1 28. Be6 g3 29. Bg4 Be2 30. Bc8 b6 31. a3 g2 32. Kc4 Nf3 33. b4 g1Q 34. Kd5 Qd4+ 35. Kc6 Bxb4 36. axb4 Qxb4 37. Be6 Qc5+ 38. Kb7 Nd4 39. Bd7 b5 40. Kc8 Kg7 41. Kd8 Kf8 0-1

[Event "GER-chT U14"]
[Site "Magdeburg"]
[Date "2012.12.29"]
[Round "5.4"]
[White "Zouani, Samir"]
[Black "Ramien, David"]
[Result "1-0"]
[WhiteElo "1486"]
[BlackElo "1494"]
[PlyCount "99"]
[EventDate "2012.12.27"]
[EventType "team-swiss"]
[EventRounds "7"]
[EventCountry "GER"]
[SourceTitle "EXT 2014"]
[Source "ChessBase"]
[SourceDate "2013.11.20"]
[SourceVersion "1"]
[SourceVersionDate "2013.11.20"]
[SourceQuality "1"]
[WhiteTeam "Backnang"]
[BlackTeam "Porz SG"]
[WhiteTeamCountry "GER"]
[BlackTeamCountry "GER"]

1. e4 g6 2. Bc4 Bg7 3. d4 d6 4. Bg5 c5 5. c3 Nf6 6. Nd2 cxd4 7. cxd4 Qa5 8. Bxf6 Bxf6 9. Ngf3 0-0 10. 0-0 Nc6 11. Nb3 Qb6 12. h3 Rd8 13. Qd2 e5 14. d5 Ne7 15. Rac1 Bg7 16. Qe3 Qxe3 17. fxe3 Rf8 18. Nbd2 Bh6 19. Rce1 a6 20. a4 Rb8 21. Ba2 b5 22. a5 Bb7 23. g4 Rbc8 24. g5 Bg7 25. Rc1 h6 26. h4 f5 27. gxf6 Bxf6 28. Kh2 Kh7 29. Kh3 Bg7 30. Kg4 Ng8 31. b4 Nf6+ 32. Kg3 Nh5+ 33. Kg2 Nf6 34. Kg3 Nh5+ 35. Kg2 Nf6 36. Kg3 Rxc1 37. Rxc1 Rf7 38. Nh2 Nh5+ 39. Kg2 Bf6 40. Ndf3 Bd8 41. Ng4 Bc7 42. Rf1 Kg7 43. Nfh2 Re7 44. Rc1 Bb8 45. Nf3 Ba7 46. Kf2 Rf7 47. Kg2 Kg8 48. Nxh6+ Kg7 49. Nxf7 Bb8 50. Nd8 1-0

[Event "GER-chT U14"]
[Site "Magdeburg"]
[Date "2012.12.28"]
[Round "4.4"]
[White "Birkenheuer, Simon"]
[Black "Zouani, Samir"]
[Result "0-1"]
[WhiteElo "1568"]
[BlackElo "1486"]
[PlyCount "94"]
[EventDate "2012.12.27"]
[EventType "team-swiss"]
[EventRounds "7"]
[EventCountry "GER"]
[SourceTitle "EXT 2014"]
[Source "ChessBase"]
[SourceDate "2013.11.20"]
[SourceVersion "1"]
[SourceVersionDate "2013.11.20"]
[SourceQuality "1"]
[WhiteTeam "Dresden TU"]
[BlackTeam "Backnang"]
[WhiteTeamCountry "GER"]
[BlackTeamCountry "GER"]

1. e4 e5 2. Nf3 Nc6 3. Bb5 Bc5 4. 0-0 Nge7 5. c3 a6 6. Ba4 b5 7. Bb3 0-0 8. h3 d5 9. d4 dxe4 10. Ng5 h6 11. Nxe4 Bb6 12. dxe5 Qxd1 13. Rxd1 Nxe5 14. Bf4 N7g6 15. Bg3 Bb7 16. Bc2 f5 17. Ned2 f4 18. Bh2 Nh4 19. Be4 Bxe4 20. Nxe4 Rae8 21. Nbd2 Nd3 22. Rf1 Nxb2 23. Kh1 Nd3 24. a4 Rd8 25. Bg1 Rfe8 26. axb5 axb5 27. Rab1 c6 28. c4 b4 29. c5 Bxc5 30. Nxc5 Nxc5 31. Nb3 Nxb3 32. Rxb3 Rb8 33. Rfb1 c5 34. f3 Rec8 35. Rd3 c4 36. Rd4 c3 37. Rxf4 c2 38. Rc1 b3 39. Bd4 b2 40. Bxb2 Rxb2 41. Rxc2 Rcxc2 42. Rxh4 Rxg2 43. Re4 Rgd2 44. Re1 Rh2+ 45. Kg1 Rxh3 46. Re3 Rhh2 47. Kf1 Rh1# 0-1

[Event "GER-chT U14"]
[Site "Lingen"]
[Date "2011.12.30"]
[Round "7.4"]
[White "Kennemann, Henrik Jan"]
[Black "Zouani, Samir"]
[Result "1/2-1/2"]
[WhiteElo "1132"]
[BlackElo "1360"]
[PlyCount "60"]
[EventDate "2011.12.27"]
[EventType "team-swiss"]
[EventRounds "7"]
[EventCountry "GER"]
[SourceTitle "EXT 2022"]
[Source "ChessBase"]
[SourceDate "2021.10.06"]
[SourceVersion "1"]
[SourceVersionDate "2021.10.06"]
[SourceQuality "1"]
[WhiteTeam "Katernberg U14"]
[BlackTeam "Backnang U14"]
[WhiteTeamCountry "GER"]
[BlackTeamCountry "GER"]

1. d4 d5 2. e4 dxe4 3. Nc3 Nf6 4. f3 exf3 5. Nxf3 Bg4 6. Be2 e6 7. 0-0 c6 8. Ne5 Bxe2 9. Nxe2 Nbd7 10. Nd3 Qb6 11. Kh1 c5 12. c3 cxd4 13. Nxd4 Bc5 14. Nxc5 Nxc5 15. Qf3 0-0 16. Bh6 e5 17. Bxg7 Kxg7 18. Nf5+ Kh8 19. Qg3 Rg8 20. Qxe5 Ncd7 21. Qe7 Qxb2 22. g3 Qxc3 23. Nh6 Qc6+ 24. Kg1 Qb6+ 25. Kg2 Qc6+ 26. Kg1 Rg7 27. Nxf7+ Kg8 28. Nh6+ Kh8 29. Nf7+ Kg8 30. Nh6+ Kh8 1/2-1/2

[Event "GER-chT U14"]
[Site "Lingen"]
[Date "2011.12.28"]
[Round "4.4"]
[White "Artz, Tobias"]
[Black "Zouani, Samir"]
[Result "1/2-1/2"]
[WhiteElo "1388"]
[BlackElo "1360"]
[PlyCount "66"]
[EventDate "2011.12.27"]
[EventType "team-swiss"]
[EventRounds "7"]
[EventCountry "GER"]
[SourceTitle "EXT 2022"]
[Source "ChessBase"]
[SourceDate "2021.10.06"]
[SourceVersion "1"]
[SourceVersionDate "2021.10.06"]
[SourceQuality "1"]
[WhiteTeam "Goeggingen U14"]
[BlackTeam "Backnang U14"]
[WhiteTeamCountry "GER"]
[BlackTeamCountry "GER"]

1. e4 e5 2. Nf3 Nc6 3. Bc4 Nd4 4. Nxd4 exd4 5. d3 d6 6. Bf4 Nf6 7. 0-0 c5 8. Re1 Be7 9. e5 dxe5 10. Bxe5 0-0 11. Qf3 Qb6 12. Bb3 Be6 13. Nd2 Bxb3 14. axb3 Rfe8 15. Qg3 Qc6 16. Ne4 b6 17. h3 a5 18. Nd2 Rad8 19. Re4 g6 20. Bxf6 Bxf6 21. Qf3 Rxe4 22. Nxe4 Bg7 23. Re1 Qe6 24. Re2 Qc8 25. Nf6+ Bxf6 26. Qxf6 Qb8 27. Re7 Rf8 28. h4 Qd8 29. Qe5 h5 30. g3 Qb8 31. Qg5 Qd8 32. g4 hxg4 33. h5 Qd6 1/2-1/2